Fr. Conceicao Rodrigues College of Engineering

Prog in V.B. 6.0 (Record no. 23410)

MARC details
000 -LEADER
fixed length control field 00319nam a2200145Ia 4500
082 ## - DEWEY DECIMAL CLASSIFICATION NUMBER
Classification number 005.133'UB'
Item number BRA
100 ## - MAIN ENTRY--PERSONAL NAME
Personal name Bradley/ J.C./ Millspaugh/ A.C.
245 ## - TITLE STATEMENT
Title Prog in V.B. 6.0
260 ## - PUBLICATION, DISTRIBUTION, ETC.
Name of publisher, distributor, etc. Tata Mc Graw hill
Date of publication, distribution, etc. 1999
300 ## - PHYSICAL DESCRIPTION
Extent 684
546 ## - LANGUAGE NOTE
Language note ENGLISH
654 ## - SUBJECT ADDED ENTRY--FACETED TOPICAL TERMS
Focus term Computer
942 ## - ADDED ENTRY ELEMENTS (KOHA)
Koha item type BOOK
Holdings
Withdrawn status Lost status Damaged status Not for loan Collection Home library Current library Date acquired Total Checkouts Full call number Barcode Date last seen Price effective from Koha item type Inventory number
        CRC Fr. Agnel's C.Rodrigues College of Engineering Fr. Agnel's C.Rodrigues College of Engineering 17/03/2023   005.133'UB' BRA 11840 17/03/2023 17/03/2023 BOOK  
        CRC Fr. Agnel's C.Rodrigues College of Engineering Fr. Agnel's C.Rodrigues College of Engineering 17/03/2023   005.133'UB' BRA 11841 17/03/2023 17/03/2023 BOOK 152
        CRC Fr. Agnel's C.Rodrigues College of Engineering Fr. Agnel's C.Rodrigues College of Engineering 17/03/2023   005.133'UB' BRA 11842 17/03/2023 17/03/2023 BOOK